[Event "Karnataka State Open-ch 2018"]
[Site "Bengaluru"]
[Date "2018.04.16"]
[Round "6"]
[White "Sameer, Ghotane"]
[Black "Shreyash, A Kulkarni"]
[Result "1-0"]
[WhiteElo "1881"]
[BlackElo "1605"]
[Annotator "NA RC"]
[PlyCount "81"]
[EventDate "2018.??.??"]
[EventType "swiss"]
[EventCountry "IND"]
[SourceTitle "playchess.com"]
[Source "ChessBase"]
[SourceQuality "1"]
[TimeControl "5400+30"]

{[%evp 17,79,48,32767,32767,32767,32767,32767,32767,89,32767,100,32767,129,107,111,78,106,77,94,91,32767,32767,262,32767,32767,32767,186,32767,32767,199,220,32767,32767,193,32767,277,771,32767,32767,32767,32767,32767,32767,32767,32767,32767,32767,382,431,435,435,428,470,432,406,431,935,918,1002,883,917,1180,4822,29971]} 1. d4 {[%emt 0:00:31]} Nf6 {[%emt 0:00:27]} 2. c4 {[%emt 0:01:06]} g6 {[%emt 0:00:06]} 3. Nc3 {[%emt 0:00:02]} Bg7 {[%emt 0:00:09]} 4. e4 {[%emt 0:00:01]} d6 {[%emt 0:00:07]} 5. Nf3 {[%emt 0:00:02]} O-O {[%emt 0:00:09]} 6. Be2 {[%emt 0:00:04]} e5 {[%emt 0:00:50]} 7. O-O {[%emt 0:00:06]} Nc6 {[%emt 0:00:29]} 8. d5 {[%emt 0:00:04]} Ne7 {[%emt 0:00:04]} 9. Ne1 {[%emt 0:00:17]} Nd7 {[%emt 0:03:33]} 10. Be3 {[%emt 0:00:07]} f5 {[%emt 0:00:20]} 11. f3 {[%emt 0:00:05]} f4 {[%emt 0:00:17]} 12. Bf2 {[%emt 0:00:05]} g5 {[%emt 0:03:08] LiveBook: 1417 Games} 13. Rc1 {[%emt 0:03:03]} Nf6 {[%emt 0:02:59]} 14. c5 {[%emt 0:00:36]} Ne8 {[%emt 0:00:53]} 15. cxd6 {[%emt 0:01:22] E99: King's Indian: Classical Main Line: 9 Ne1 Nd7 10 f3 f5} cxd6 {[%emt 0:02:45]} 16. Nd3 {[%emt 0:03:40]} (16. Nb5 b6 17. Nd3 Rf6 18. Nb4 Rg6 19. Nc6 Qd7 20. Nbxa7 Nxc6 21. Nxc8 Qxc8 22. dxc6 Kh8 {1-0 (39) Fedorovsky,M (2498)-Matt,F (2326) Austria 2017}) 16... h5 $146 {[%emt 0:02:46]} ({Find the theoretical novelty and annotate with similar games:} 16... Ng6 17. a4 h5 18. Kh1 Rf7 19. Nb5 {½-½ (44) Weerawardane,R (2120)-Tissir,M (2388) Baku 2016}) 17. Nb5 {[%emt 0:02:29]} Bd7 {[%emt 0:02:05]} 18. Qb3 {[%emt 0:01:27]} ({But not} 18. Nxa7 Qb8 $15) 18... g4 {[%emt 0:01:49]} 19. Nxa7 {[%emt 0:00:47]} g3 {[%emt 0:01:14]} (19... Qb8 $16 {is a better defense.}) 20. Bb6 {[%emt 0:00:25]} Qb8 {[%emt 0:01:00]} 21. Nc6 {[%emt 0:00:23]} bxc6 {[%emt 0:05:18]} 22. dxc6+ {[%emt 0:00:19]} Be6 {[%emt 0:00:07]} 23. Qxe6+ {[%emt 0:00:59]} Rf7 {[%emt 0:00:04]} 24. Qb3 {[%emt 0:02:37]} Ra6 {[%emt 0:00:48]} 25. c7 {[%emt 0:00:38]} Qb7 {[%emt 0:14:53] [#]} 26. Nxe5 (26. Nc5 $142 $1 {[%mdl 512]} dxc5 27. Bxa6 Qxa6 28. Rfd1) 26... dxe5 $2 (26... Qxb6+ 27. Qxb6 Rxb6) 27. Bc5 {[%emt 0:46:51]} Qxb3 {[%emt 0:17:07]} 28. axb3 {[%emt 0:01:03]} Nxc7 {[%emt 0:00:36]} 29. Bxa6 {[%emt 0:03:46]} Nxa6 {[%emt 0:00:06]} 30. Bd6 {[%emt 0:00:05]} Ng6 {[%emt 0:11:24]} 31. Rc8+ {[%emt 0:03:10]} Kh7 {[%emt 0:01:29]} 32. Ra1 {[%emt 0:00:22]} Rb7 {[%emt 0:00:38]} 33. Rxa6 {[%emt 0:00:21]} Rxb3 {[%emt 0:00:05]} 34. Ba3 {[%emt 0:00:32]} Re3 {[%emt 0:01:37]} 35. Rc1 {[%emt 0:03:19]} Re2 {[%emt 0:05:28]} 36. Rac6 {[%emt 0:00:33]} gxh2+ {[%emt 0:03:44]} (36... Rd2 $142 37. R6c2 Rd3) 37. Kh1 {[%emt 0:01:47]} Rd2 {[%emt 0:05:53]} 38. Rd6 {[%emt 0:03:23]} Re2 {[%emt 0:01:43]} 39. Rd7 {[%emt 0:00:20]} Kh6 {[%emt 0:02:25]} 40. Rc6 {[%emt 0:01:03]} h4 {[%emt 0:04:03]} 41. Rdd6 {[%emt 0:02:25]} 1-0

[Event "Karnataka State Open-ch 2018"]
[Site "Bengaluru"]
[Date "2018.04.16"]
[Round "6"]
[White "Namboothiri, K N"]
[Black "Rakshith Srinivasan"]
[Result "0-1"]
[WhiteElo "1712"]
[BlackElo "1597"]
[Annotator "NA RC"]
[PlyCount "66"]
[EventDate "2018.??.??"]
[EventType "swiss"]
[EventCountry "IND"]
[SourceTitle "playchess.com"]
[Source "ChessBase"]
[SourceQuality "1"]
[TimeControl "5400+30"]

1. d4 {[%emt 0:00:00]} Nf6 {[%emt 0:00:01]} 2. c4 {[%emt 0:00:00]} g6 {[%emt 0:00:05]} 3. Nc3 {[%emt 0:00:00]} Bg7 {[%emt 0:00:04]} 4. e4 {[%emt 0:00:03]} d6 {[%emt 0:00:00]} 5. Nf3 {[%emt 0:00:22]} O-O {[%emt 0:00:00]} 6. Be2 {[%emt 0:00:22]} e5 {[%emt 0:00:00]} 7. O-O {[%emt 0:01:04]} Nc6 {[%emt 0:00:00]} 8. d5 {[%emt 0:00:11]} Ne7 {[%emt 0:00:00]} 9. Nd2 {[%emt 0:03:21]} Ne8 {[%emt 0:00:26]} 10. Rb1 {[%emt 0:02:56]} f5 {[%emt 0:04:06]} 11. b4 {[%emt 0:02:16]} Nf6 {[%emt 0:05:31]} 12. f3 {[%emt 0:01:38]} f4 {[%emt 0:00:58]} 13. c5 {[%emt 0:01:30]} g5 {[%emt 0:02:18]} 14. Nc4 {[%emt 0:12:59]} Ng6 {[%emt 0:09:32]} 15. cxd6 {[%emt 0:04:13]} cxd6 {[%emt 0:00:14]} 16. b5 {[%emt 0:00:40]} Rf7 {[%emt 0:02:46]} 17. Ba3 {[%emt 0:03:41]} Bf8 {[%emt 0:01:41]} 18. Bb4 {[%emt 0:08:06]} h5 {[%emt 0:04:40]} 19. a4 {[%emt 0:06:43]} g4 {[%emt 0:07:56]} 20. Qe1 {[%emt 0:19:28]} Rg7 {[%emt 0:05:14]} 21. Rb2 {[%emt 0:03:32]} Nh7 {[%emt 0:06:46]} 22. b6 {[%emt 0:05:48]} a6 {[%emt 0:03:56]} 23. a5 {[%emt 0:02:45]} Nh4 {[%emt 0:07:48]} 24. Bd1 {[%emt 0:06:27]} Ng5 {[%emt 0:11:02]} 25. Kh1 {[%emt 0:00:22]} g3 {[%emt 0:04:05]} 26. Na2 {[%emt 0:04:56]} Nxg2 {[%emt 0:03:09]} 27. Rxg2 {[%emt 0:01:21]} Bh3 {[%emt 0:00:32]} 28. Rfg1 {[%emt 0:01:26]} Bxg2+ {[%emt 0:02:14]} 29. Rxg2 {[%emt 0:00:16]} h4 {[%emt 0:00:16]} 30. Nc1 {[%emt 0:02:40]} Rc8 {[%emt 0:01:25]} 31. Rc2 {[%emt 0:00:42]} g2+ {[%emt 0:01:03]} 32. Kxg2 {[%emt 0:01:19]} Nh3+ {[%emt 0:01:57]} 33. Kh1 {[%emt 0:01:33]} Qg5 {[%emt 0:00:12]} 0-1

[Event "Karnataka State Open-ch 2018"]
[Site "Bengaluru"]
[Date "2018.04.16"]
[Round "6"]
[White "Shashank Bhat G S"]
[Black "Prabhakaran K"]
[Result "1-0"]
[WhiteElo "1698"]
[BlackElo "1554"]
[Annotator "NA RC"]
[PlyCount "43"]
[EventDate "2018.??.??"]
[EventType "swiss"]
[EventCountry "IND"]
[SourceTitle "playchess.com"]
[Source "ChessBase"]
[SourceQuality "1"]
[TimeControl "5400+30"]

1. e4 {[%emt 0:00:00]} e6 {[%emt 0:00:03]} 2. d4 {[%emt 0:00:00]} d5 {[%emt 0:00:07]} 3. Nc3 {[%emt 0:00:00]} Nf6 {[%emt 0:00:04]} 4. e5 {[%emt 0:00:00]} Nfd7 {[%emt 0:00:09]} 5. f4 {[%emt 0:00:00]} c5 {[%emt 0:00:20]} 6. Nf3 {[%emt 0:00:01]} Nc6 {[%emt 0:00:30]} 7. Be3 {[%emt 0:00:15]} f6 {[%emt 0:06:41]} 8. Bb5 {[%emt 0:07:49]} fxe5 {[%emt 0:02:23]} 9. Bxc6 {[%emt 0:00:06]} bxc6 {[%emt 0:04:50]} 10. fxe5 {[%emt 0:01:05]} cxd4 {[%emt 0:00:50]} 11. Nxd4 {[%emt 0:01:02]} Nxe5 {[%emt 0:08:01]} 12. Qh5+ {[%emt 0:00:48]} Ng6 {[%emt 0:00:51]} 13. Nxc6 {[%emt 0:01:53]} Qc7 {[%emt 0:07:37]} 14. Nd4 {[%emt 0:00:53]} Bb4 {[%emt 0:02:35]} 15. O-O {[%emt 0:03:59]} Bxc3 {[%emt 0:02:49]} 16. bxc3 {[%emt 0:00:02]} Qxc3 {[%emt 0:00:16]} 17. Qe2 {[%emt 0:02:09]} Ba6 {[%emt 0:04:03]} 18. Qxa6 {[%emt 0:01:30]} Qxe3+ {[%emt 0:06:42]} 19. Kh1 {[%emt 0:00:12]} Qxd4 {[%emt 0:01:10]} 20. Qxe6+ {[%emt 0:00:07]} Ne7 {[%emt 0:10:43]} 21. Rae1 {[%emt 0:00:58]} Qb6 22. Rd1 1-0

[Event "Karnataka State Open-ch 2018"]
[Site "Bengaluru"]
[Date "2018.04.16"]
[Round "6"]
[White "Avinash Vaidyanathan"]
[Black "Ojas, Kulkarni"]
[Result "1/2-1/2"]
[WhiteElo "1683"]
[BlackElo "2252"]
[Annotator "TA"]
[PlyCount "61"]
[EventDate "2018.??.??"]
[EventType "swiss"]
[EventCountry "IND"]
[SourceTitle "playchess.com"]
[Source "ChessBase"]
[SourceQuality "1"]

{[%evp 10,61,15,29,46,46,96,89,93,86,96,107,107,65,75,44,49,45,105,79,152,44,59,33,59,40,33,33,47,37,32,32,32,32,38,32,36,33,33,38,59,52,78,65,85,50,66,49,70,37,35,46,34,11]} 1. e4 Nf6 2. e5 Nd5 3. d4 d6 4. Nf3 dxe5 5. dxe5 Bg4 6. h3 {LiveBook: 12 Games. B04: Alekhine's Defence: 4 Nf3} Bh5 (6... Bxf3 7. Qxf3 e6 8. Bc4 Nc6 9. Qe4 Bc5 10. O-O Nde7 11. c3 Ng6 12. Bb5 Qd5 13. Bxc6+ bxc6 14. Re1 Qxe4 15. Rxe4 O-O-O 16. Nd2 Rd3 {1-0 (76) Smirin,I (2638)-Givon,A (2405) Eilat 2012}) 7. e6 $1 {Threatens to win with Ne5.} fxe6 {[#]} 8. Be2 $1 {White is better.} Bxf3 $146 ({Predecessor:} 8... Nc6 9. Na3 Bxf3 10. Bxf3 Ne5 11. O-O g6 12. c4 Nb6 13. Bxb7 Qxd1 14. Rxd1 {1-0 (69) Bakalarz,M (2329)-Tsyhanchuk,S (2382) Agneaux 2014}) 9. Bxf3 {Strongly threatening c4.} Nc6 10. O-O Qd6 11. c4 Nb6 12. Bxc6+ Qxc6 13. b3 Qd6 (13... Nd7 $14) 14. Qc2 {[%mdl 1024] White has strong compensation.} (14. Qe2 {feels hotter.} Nd7 15. Nc3 Qe5 16. Qf3 O-O-O 17. Bb2) 14... O-O-O (14... e5 $142) 15. Bb2 ({White should play} 15. Nc3 $16) 15... Qd3 $14 16. Na3 (16. Qc3 {looks sharper.} Qxc3 17. Nxc3 Rd2 18. Bc1 Rd3 19. Ne4) 16... Rg8 17. Rfe1 Qxc2 18. Nxc2 g6 19. Re2 Bg7 20. Bxg7 Rxg7 21. Rae1 c6 22. Rxe6 Rd2 23. R6e2 Rxe2 24. Rxe2 {[%mdl 4096] Endgame KRN-KRN} c5 25. Ne3 h5 26. g3 Kd7 27. Rd2+ Kc7 {White is slightly better.} 28. Kg2 Rf7 29. Nd5+ Nxd5 30. Rxd5 b6 31. f4 {Precision: White = 37%, Black = 56%.} 1/2-1/2

[Event "Karnataka State Open-ch 2018"]
[Site "Bengaluru"]
[Date "2018.04.16"]
[Round "6"]
[White "Shalon Joanne, Pais"]
[Black "Kulkarni, Vinayak"]
[Result "0-1"]
[WhiteElo "1675"]
[BlackElo "2179"]
[Annotator "TA"]
[PlyCount "97"]
[EventDate "2018.??.??"]
[EventType "swiss"]
[EventCountry "IND"]
[SourceTitle "playchess.com"]
[Source "ChessBase"]
[SourceQuality "1"]

{[%evp 28,97,2,10,8,0,0,0,0,-1,0,0,0,0,0,0,0,0,23,23,28,39,20,29,22,25,43,-62,-64,-85,-44,-40,-16,-16,-16,-16,-16,-16,-16,-16,-16,-16,-13,-28,-24,-108,-106,-116,-115,-209,-209,-209,-209,-783,-503,-29972,-29973,-29972,-29972,-29977,-29979,-29979,-29980,-29980,-29981,-29981,-29979,-29979,-29980,-29994,-29995,-29995]} 1. e4 c5 2. Nf3 Nc6 3. d4 cxd4 4. Nxd4 Nf6 5. Nc3 e5 6. Ndb5 d6 7. Nd5 Nxd5 8. exd5 Nb8 9. c4 Be7 10. Bd3 O-O 11. O-O a6 12. Nc3 f5 13. f3 Nd7 14. Be3 Bg5 15. Bf2 {LiveBook: 53 Games} Bh4 {B33: Sicilian: Pelikan and Sveshnikov Variations} (15... b6 16. b4 Bb7 17. Qc2 g6 18. Kh1 Kh8 19. Rab1 Rc8 20. a4 Qe7 21. Bg1 Qg7 22. Rb3 Bf6 23. Qd2 {1-0 (41) Oparin,G (2526)-Tregubov,P (2614) Yerevan 2014}) 16. b4 a5 17. a3 Bxf2+ $146 {The position is equal.} ({Predecessor:} 17... axb4 18. axb4 Rxa1 19. Qxa1 Bxf2+ 20. Rxf2 Qh4 21. Nb5 Rf6 22. g3 Qh5 23. Qa8 {½-½ (72) Cristian,S-Reinrouf,M playchess.com INT 2004}) 18. Rxf2 Qb6 19. Rb1 axb4 20. axb4 e4 21. fxe4 Ne5 $36 {[%mdl 2048] Black has some pressure.} 22. Be2 $1 fxe4 23. c5 $1 dxc5 24. Rxf8+ Kxf8 25. Qf1+ Kg8 26. Qf2 Nd7 $1 27. Rf1 (27. Nxe4 $14 cxb4 28. d6) 27... cxb4 $15 28. Qxb6 Nxb6 29. Nxe4 b3 {[#] Threatens to win with ...b2.} ({Inferior is} 29... Nxd5 30. Bc4 $18) 30. Rb1 Bf5 31. Rxb3 Bxe4 32. Rxb6 Bxd5 33. Bf3 Bxf3 34. gxf3 $11 {[%mdl 4096] Endgame KR-KR} Rb8 35. Kf2 Kf7 36. Kg3 (36. h4 $11 {keeps the balance.}) 36... Ke7 37. Kg4 Kd7 38. f4 {[#]} (38. Kf4 $17) 38... Kc7 $1 $19 {[%cal Rc7b6]} 39. Rb3 b5 40. Rh3 $2 (40. Kf3) 40... b4 41. Rxh7 (41. Rb3 $19 Kc6 42. Rb1) 41... b3 {Black mates.} 42. Rxg7+ Kd6 43. Kf5 b2 44. Rg1 b1=Q+ 45. Rxb1 Rxb1 46. h4 Ke7 47. Kg6 Rg1+ 48. Kh6 Kf6 49. h5 {Precision: White = 38%, Black = 80%.} 0-1

[Event "Karnataka State Open-ch 2018"]
[Site "Bengaluru"]
[Date "2018.04.16"]
[Round "6"]
[White "Anand Vittal T R"]
[Black "Raducanu, Andrei-Augustin"]
[Result "0-1"]
[WhiteElo "1624"]
[BlackElo "2063"]
[Annotator "NA RC"]
[PlyCount "66"]
[EventDate "2018.??.??"]
[EventType "swiss"]
[EventCountry "IND"]
[SourceTitle "playchess.com"]
[Source "ChessBase"]
[SourceQuality "1"]
[TimeControl "5400+30"]

{[%evp 8,59,32,32767,32767,48,32767,11,3,-18,-3,32767,0,-50,-31,32767,-62,-83,-39,-141,-141,-144,-155,-142,-102,-120,-140,-140,-129,32767,32767,32767,32767,-151,-157,-208,-202,-226,-221,-235,-250,-254,-246,-239,-228,-262,-152,-158,-116,-132,-130,-236,-191,-228]} 1. d4 {[%emt 0:00:00]} f5 {[%emt 0:01:06]} 2. Nf3 {[%emt 0:01:04]} Nf6 {[%emt 0:00:09]} 3. Bf4 {[%emt 0:01:45]} g6 {[%emt 0:00:09]} 4. e3 {[%emt 0:00:34]} Bg7 {[%emt 0:00:16] LiveBook: 55 Games} 5. Nbd2 {[%emt 0:01:40]} d6 {[%emt 0:01:26] A80: Dutch Defence: Unusual White second moves} (5... O-O 6. h3 d6 7. Be2 Nc6 8. Bh2 e6 9. O-O Qe7 10. c3 a5 11. a3 b6 12. c4 e5 13. c5 bxc5 14. dxc5 {0-1 (54) Bromberger,S (2532)-Georgiadis,N (2473) Austria 2016}) 6. Bc4 {[%emt 0:02:19]} e6 {[%emt 0:02:46]} 7. Qe2 {[%emt 0:02:02]} Qe7 {[%emt 0:06:57]} 8. Bb3 $146 {[%emt 0:02:23]} ({Find the theoretical novelty and annotate with similar games:} 8. h3 Nc6 9. O-O-O Bd7 10. Rhg1 O-O-O 11. Bh2 e5 12. dxe5 dxe5 {½-½ (50) Olejarczyk,B (2159)-Szymczak,R (2051) Warsaw 2009}) 8... Nc6 {[%emt 0:19:07]} 9. e4 {[%emt 0:07:40]} Nh5 {[%emt 0:17:45]} 10. Bg5 {[%emt 0:03:54]} Nxd4 {[%emt 0:09:04]} 11. Qe3 {[%emt 0:19:53]} Nxf3+ {[%emt 0:03:53]} 12. Nxf3 {[%emt 0:00:10]} f4 {[%emt 0:05:57]} 13. Bxf4 {[%emt 0:02:28]} (13. Qd3 $15 Qf7 14. g4 fxg3 15. fxg3) 13... Nxf4 {[%emt 0:01:20]} 14. Qxf4 {[%emt 0:00:12]} Bxb2 {[%emt 0:00:09]} 15. Rd1 {[%emt 0:01:02]} Qf6 {[%emt 0:02:56]} 16. Ba4+ {[%emt 0:03:59]} Bd7 {[%emt 0:01:46]} 17. Bxd7+ {[%emt 0:00:14]} Kxd7 {[%emt 0:00:02]} 18. Qxf6 {[%emt 0:01:20]} Bxf6 {[%emt 0:00:04]} 19. e5 {[%emt 0:00:11]} Bg7 {[%emt 0:00:06]} 20. c4 {[%emt 0:00:27]} Ke7 {[%emt 0:00:51]} 21. exd6+ {[%emt 0:01:55]} cxd6 {[%emt 0:00:02]} 22. Kd2 {[%emt 0:00:20]} Rhc8 {[%emt 0:00:25]} 23. Kd3 {[%emt 0:00:19]} Rc5 {[%emt 0:00:07]} 24. Rb1 {[%emt 0:02:02]} b6 {[%emt 0:00:18]} 25. Rhe1 {[%emt 0:00:51]} Rac8 {[%emt 0:01:04]} 26. Rb4 {[%emt 0:00:42] [#]} b5 $1 {[%emt 0:01:46]} 27. Rxb5 {[%emt 0:01:32]} Rxb5 {[%emt 0:00:53]} 28. cxb5 {[%emt 0:00:03]} Rc3+ {[%emt 0:00:06]} 29. Ke4 {[%emt 0:02:06]} (29. Ke2 $17) 29... Ra3 {[%emt 0:00:35]} 30. Re2 $19 {[%emt 0:01:41]} Bh6 {[%emt 0:02:51]} 31. Kd4 {[%emt 0:02:08]} Kd7 {[%emt 0:02:15]} 32. Kc4 {[%emt 0:01:22]} d5+ {[%emt 0:00:12]} 33. Kb4 {[%emt 0:00:25]} Bf8# {[%emt 0:00:03]} 0-1

[Event "Karnataka State Open-ch 2018"]
[Site "Bengaluru"]
[Date "2018.04.16"]
[Round "6"]
[White "Arvind, Ramnath Iyer"]
[Black "Hegde, Ravi Gopal"]
[Result "1/2-1/2"]
[WhiteElo "1519"]
[BlackElo "2139"]
[Annotator "TA"]
[PlyCount "61"]
[EventDate "2018.??.??"]
[EventType "swiss"]
[EventCountry "IND"]
[SourceTitle "playchess.com"]
[Source "ChessBase"]
[SourceQuality "1"]

{[%evp 13,61,0,33,-8,-8,-11,-6,-25,-12,-12,-16,-21,0,-12,-10,-52,22,-17,-14,-17,-14,-12,-16,-9,-17,-12,0,-4,8,10,14,14,42,42,61,58,48,0,37,0,51,0,20,0,50,50,50,23,45,0]} 1. e4 e5 2. Bc4 Nf6 3. d3 c6 4. Nf3 d5 5. Bb3 Bd6 6. exd5 cxd5 7. O-O O-O {LiveBook: 9 Games} 8. Re1 {C24: Bishop's Opening: 2...Nf6} (8. Bg5 e4 9. dxe4 dxe4 10. Nfd2 Bf5 11. Nc3 Be5 12. Nc4 Bxc3 13. bxc3 Nbd7 14. Ne3 Bg6 15. Nd5 Rc8 {1-0 (27) Hou,Y (2653)-Muzychuk,M (2545) Hancheng 2016}) 8... e4 9. dxe4 dxe4 10. Ng5 {The position is equal.} h6 11. Nxf7 Rxf7 {[#]} 12. Bf4 $146 {[%mdl 512]} ({Predecessor:} 12. Bxf7+ Kxf7 13. Bf4 Ne8 14. Qd5+ Kf8 15. Rd1 Ke7 16. Qxe4+ {1-0 (47) Jianu,V-Danilov,N Szeged 1994}) 12... Bc7 {[%cal Bd6c7,Bc7d8,Bd8f6][%mdl 32] Strongly threatening ...Qxd1.} (12... Bxf4 13. Qxd8+) 13. Qxd8+ Bxd8 14. Nd2 Kf8 (14... Bf5 $15) 15. Bxf7 Kxf7 16. Nxe4 Nxe4 17. Rxe4 Nc6 18. Rd1 Bf6 19. c3 Bf5 20. Ree1 a5 21. Rd5 $36 {[%mdl 2048] White fights for an advantage.} Be6 22. Rb5 Bc8 23. a4 Bd8 24. Rd1 Ke8 25. Re1+ (25. Be5 $5) 25... Kf7 26. Rd1 Ke8 $1 27. Re1+ (27. Be5 $5) 27... Kf7 28. Rd1 Ra6 29. h3 Ke8 30. Re1+ Kf7 31. Rd1 {Precision: White = 47%, Black = 47%.} 1/2-1/2

[Event "Karnataka State Open-ch 2018"]
[Site "Bengaluru"]
[Date "2018.04.16"]
[Round "6"]
[White "Anirudh Sharma"]
[Black "Sekhawat, Hussen"]
[Result "0-1"]
[WhiteElo "1381"]
[BlackElo "1915"]
[Annotator "NA RC"]
[PlyCount "86"]
[EventDate "2018.??.??"]
[EventType "swiss"]
[EventCountry "IND"]
[SourceTitle "playchess.com"]
[Source "ChessBase"]
[SourceQuality "1"]
[TimeControl "5400+30"]

{[%evp 10,80,12,32767,32767,37,32767,25,59,69,68,32767,32767,32767,32767,74,77,32767,77,41,55,33,41,22,22,20,39,37,45,14,25,18,25,12,32767,0,18,-4,0,-17,11,-7,0,-27,-17,32767,32767,32767,-78,-79,-58,-67,-55,-67,-68,-108,-105,-118,-129,-204,-188,-228,-182,-189,-195,-235,-99,-80,-87,-1264,32767,-5022,-29980]} 1. Nf3 {[%emt 0:00:00]} Nf6 {[%emt 0:00:36]} 2. g3 {[%emt 0:00:09]} g6 {[%emt 0:00:14]} 3. b3 {[%emt 0:00:57]} Bg7 {[%emt 0:00:33]} 4. Bb2 {[%emt 0:00:36]} O-O {[%emt 0:00:41]} 5. Bg2 {[%emt 0:00:31]} c5 {[%emt 0:01:35]} 6. O-O {[%emt 0:02:14]} Nc6 {[%emt 0:00:43]} 7. c4 {[%emt 0:05:19]} Rb8 {[%emt 0:01:16]} 8. d4 {[%emt 0:03:13] LiveBook: 9 Games A30: Symmetrical English: Double Fianchetto and Hedgehog} Nh5 $146 {[%emt 0:08:10]} ({Find the theoretical novelty and annotate with similar games:} 8... d5 9. dxc5 dxc4 10. Ne5 Qa5 11. Bxc6 bxc6 12. Nxc6 Qxc5 13. Nxb8 Bh3 14. Qd4 Qxd4 15. Bxd4 Bxf1 16. Kxf1 Rxb8 17. bxc4 {½-½ (28) Miron,L (2495)-Vucinic,G (2399) Budapest 2016}) 9. Qd2 {[%emt 0:07:42]} cxd4 {[%emt 0:12:39]} 10. Nxd4 {[%emt 0:02:05]} Nxd4 {[%emt 0:02:06]} 11. Bxd4 {[%emt 0:00:18]} b6 {[%emt 0:02:53]} 12. Bxg7 {[%emt 0:06:49]} Nxg7 {[%emt 0:04:59]} 13. Nc3 {[%emt 0:02:10]} d6 {[%emt 0:02:25]} 14. Nb5 {[%emt 0:05:17]} a6 {[%emt 0:02:28]} 15. Nd4 {[%emt 0:04:07]} Bb7 {[%emt 0:01:12]} 16. Nc6 {[%emt 0:01:14]} Bxc6 $1 {[%emt 0:00:10]} 17. Bxc6 {[%emt 0:00:06]} Ne6 {[%emt 0:02:11]} 18. Rfd1 {[%emt 0:02:30]} a5 {[%emt 0:08:42]} 19. a3 {[%emt 0:07:01]} Nc5 {[%emt 0:03:17]} 20. Rdb1 {[%emt 0:05:16]} Qc7 {[%emt 0:00:57]} 21. Bb5 {[%emt 0:01:56]} a4 {[%emt 0:03:03]} 22. bxa4 {[%emt 0:02:02]} Rbc8 {[%emt 0:03:06]} 23. Qb4 {[%emt 0:03:35]} f5 {[%emt 0:02:08]} 24. Rd1 {[%emt 0:02:53]} Rcd8 {[%emt 0:03:30]} 25. Rab1 {[%emt 0:04:35]} f4 {[%emt 0:01:44]} 26. Qd2 {[%emt 0:01:25]} fxg3 {[%emt 0:00:43]} 27. hxg3 {[%emt 0:00:06]} Rxf2 {[%emt 0:01:32]} 28. Qd5+ {[%emt 0:06:49]} e6 {[%emt 0:01:09]} 29. Qc6 {[%emt 0:00:50]} Qxc6 {[%emt 0:04:09]} 30. Bxc6 {[%emt 0:00:58]} Rxe2 {[%emt 0:00:34]} 31. Rxb6 {[%emt 0:00:12]} Re3 {[%emt 0:00:46]} 32. Kg2 {[%emt 0:02:19]} Rxa3 {[%emt 0:02:59]} 33. Bb5 {[%emt 0:01:12]} Ne4 {[%emt 0:01:31]} 34. Re1 {[%emt 0:04:29]} (34. c5 $17 {is a better defense.}) 34... Ra2+ {[%emt 0:05:52]} ({But not} 34... Nxg3 35. Rxe6 Nf5 36. Re1) 35. Kf3 {[%emt 0:04:21]} Ng5+ {[%emt 0:04:07]} 36. Kg4 {[%emt 0:00:28]} h6 {[%emt 0:00:21]} 37. Rh1 {[%emt 0:01:11]} Kg7 {[%emt 0:00:59]} (37... Ne4 $19 {is more deadly.} 38. Kf3 Nf2) 38. Rb7+ {[%emt 0:00:12]} Kf6 {[%emt 0:01:49]} 39. Rxh6 $2 {[%emt 0:02:44]} (39. Rf1+ $17 Ke5 40. Bc6) 39... Re2 {[%emt 0:00:44]} 40. Bc6 {[%emt 0:04:00]} d5 {[%emt 0:00:22]} 41. Kh4 Rh2+ 42. Kg4 Re2 43. Bxd5 Rxd5 0-1